000 00934cam a2200301 a 4500
001 3841
003 FISKH
005 20250502093716.0
008 060713s2006 dcua j b 001 0 eng
010 _a 2006279218
020 _a9780060884352 (pbk.)
020 _a0060884355 (pbk.)
040 _aDLC
_cDLC
_dDLC
_beng
050 0 0 _aQC966.5
_b.S56 2006
082 0 0 _a551.56/32
_222
100 1 _aSimon, Seymour.
245 1 0 _aLightning /
_cSeymour Simon.
250 _aThis edition published in 2006
260 _aNew York :
_bCollins,
_c1997,
300 _a30 pages :
_bcolor illustrations ;
_c26 cm.
504 _aIncludes bibliographical references (p. [32]) and index.
520 _aPhotographs and text explore the natural phenomenon of lightning.
650 0 _aLightning
_xJuvenile literature.
650 1 _aLightning.
906 _a7
_bcbc
_corigcop
_d2
_encip
_f20
_gy-gencatlg
942 _2ddc
_cBK
_n0
999 _c3841
_d3841